00379nam a2200109Ia 4500008004100000082000800041100002300049245008000072942000600152952009600158999001500254240331s9999 xx 000 0 und d bACH aSocial Development 0aAchievements of the United Nations decade for women in Asia and the Pacific cL 001040708LaWERCLbWERCLcSSCd2024-03-31l0o 305.4 ACHp151r2024-03-31w2024-03-31yL c1866d1866